Southville International School and Colleges
Your cart is empty.
  • Cart
  • Lists
    Public lists Eva Luna New books Lux_list list_1
    Your lists Log in to create your own lists
  • Log in to your account
  • Your cookies
  • Search history
Southville International School and Colleges
  • Advanced search
  • Recent comments
  • Most popular
  • Libraries

Log in to your account

Log in with GOOGLE


If you do not have an external account, but do have a local account, you can still log in:

  1. Home
  2. MARC view: The Children of the new forest /
Normal view MARC view ISBD view

The Children of the new forest / (Record no. 7394)

[ view plain ]
MARC details
000 -LEADER
fixed length control field 00742nam a22002537a 4500
003 - CONTROL NUMBER IDENTIFIER
control field SISC
005 - DATE AND TIME OF LATEST TRANSACTION
control field 20160303090604.0
008 - FIXED-LENGTH DATA ELEMENTS--GENERAL INFORMATION
fixed length control field 130723t xxu||||| |||| 00| 0 eng d
020 ## - INTERNATIONAL STANDARD BOOK NUMBER
International Standard Book Number 1858137756
050 ## - LIBRARY OF CONGRESS CALL NUMBER
Classification number PZ 7
Item number .M362 1994
082 ## - DEWEY DECIMAL CLASSIFICATION NUMBER
Classification number CLA M34c
Item number 1994
100 ## - MAIN ENTRY--PERSONAL NAME
Personal name Marryat, Captain
9 (RLIN) 2814
245 ## - TITLE STATEMENT
Title The Children of the new forest /
Statement of responsibility, etc Captain Marryat.
260 ## - PUBLICATION, DISTRIBUTION, ETC. (IMPRINT)
Place of publication, distribution, etc Bristol, England :
Name of publisher, distributor, etc Parragon Books,
Date of publication, distribution, etc c1996.
300 ## - PHYSICAL DESCRIPTION
Extent 215p. ;
Dimensions 18 cm.
562 ## - COPY AND VERSION IDENTIFICATION NOTE
Number of copies 3
650 ## - SUBJECT ADDED ENTRY--TOPICAL TERM
Topical term or geographic name as entry element Great Britain--History--Civil war, 1642-1649--Fiction.
9 (RLIN) 2815
650 ## - SUBJECT ADDED ENTRY--TOPICAL TERM
Topical term or geographic name as entry element New Forest (England : Forest)--Fiction.
9 (RLIN) 2816
650 ## - SUBJECT ADDED ENTRY--TOPICAL TERM
Topical term or geographic name as entry element Orphans--Fiction.
9 (RLIN) 2817
942 ## - ADDED ENTRY ELEMENTS (KOHA)
Source of classification or shelving scheme Library of Congress Classification
Koha item type Books
Holdings
Withdrawn status Lost status Source of classification or shelving scheme Damaged status Home library Current library Shelving location Date acquired Total Checkouts Full call number Barcode Date last seen Copy number Price effective from Koha item type
    Library of Congress Classification   Luxembourg Library Luxembourg Library Classic Section 07/23/2013   PZ 7 .M362 1994 4556 08/13/2013 1 07/23/2013 Books
    Library of Congress Classification   Luxembourg Library Luxembourg Library Classic Section 07/23/2013   PZ 7 .M362 1994 3669 08/13/2013 2 07/23/2013 Books
    Library of Congress Classification   Luxembourg Library Luxembourg Library Classic Section 07/23/2013   PZ 7 .M362 1994 3668 08/13/2013 3 07/23/2013 Books

The Children of the new forest /

APA

Marryat C., . (1996). The Children of the new forest. Bristol, England: Parragon Books.

Chicago

Marryat Captain, . 1996. The Children of the new forest. Bristol, England: Parragon Books.

Harvard

Marryat C., . (1996). The Children of the new forest. Bristol, England: Parragon Books.

MLA

Marryat Captain, . The Children of the new forest. Bristol, England: Parragon Books. 1996.

  • Place hold
  • Print
  • Cite
  • Add to your cart (remove)
  • Save record
    BIBTEX Dublin Core MARCXML MARC (non-Unicode/MARC-8) MARC (Unicode/UTF-8) MARC (Unicode/UTF-8, Standard) MODS (XML) RIS
  • More searches
    Search for this title in:
    Other Libraries (WorldCat) Other Databases (Google Scholar) Online Stores (Bookfinder.com) Open Library (openlibrary.org)

Exporting to Dublin Core...

SOUTHVILLE LIBRARY

Southville International School and Colleges Library

1281 Tropical Ave. Cor. Luxembourg St., BF Homes International, Las Pinas City

Tel. No. 8256374 / 252358 Loc. 117/146

Powered by Koha